Putting the Disability Discrimination Act in perspective (Record no. 73655)

MARC details
000 -LEADER
fixed length control field 01762cam a2200277 4500
001 - CONTROL NUMBER
control field ABS67150
008 - FIXED-LENGTH DATA ELEMENTS--GENERAL INFORMATION
fixed length control field 031028n2003 000 0 eng u
035 ## - SYSTEM CONTROL NUMBER
System control number (Sirsi) u124065
100 ## - MAIN ENTRY--PERSONAL NAME
Personal name Goss, S.
245 ## - TITLE STATEMENT
Title Putting the Disability Discrimination Act in perspective
260 ## - PUBLICATION, DISTRIBUTION, ETC.
Date of publication, distribution, etc. 2003
490 ## - SERIES STATEMENT
Series statement Journal of Retail and Leisure Property
Volume/sequential designation 3(2) 2003, 122-129(8)
520 ## - SUMMARY, ETC.
Summary, etc. Looks at major misconceptions prevalent in the retail property world about the Disability Discrimination Act 1995 (DDA), namely that the Act does not come into force until 1 October 2004 and that compliance with the Act consists only in the provision of reasonable adjustments such as automatic doors and permanent ramps. In fact, many parts of the Act are already in force and the scope of the Act impacts much more widely and deeply on any retailer's in-store and out-of-store service provision. Presents the key requirements of Part III of the Act, identifying the significant duties and issues for the retail property industry and defines how this forms a vital, integral part of a retailer's overall, sustainable DDA compliance solution. Figures cover DDA Part III's basic structure, back-shop and common area responsibilities and in-store and out-of-store impacts. References.
590 ## - LOCAL NOTE (RLIN)
Local note ABS
650 ## - SUBJECT ADDED ENTRY--TOPICAL TERM
Topical term or geographic name entry element DISABILITY
650 ## - SUBJECT ADDED ENTRY--TOPICAL TERM
Topical term or geographic name entry element MANAGEMENT-BUSINESS MANAGEMENT-DISCRIMINATION-DISABILITY DISCRIMINATION-ACCESSIBILITY
650 ## - SUBJECT ADDED ENTRY--TOPICAL TERM
Topical term or geographic name entry element RETAIL PROPERTY
650 ## - SUBJECT ADDED ENTRY--TOPICAL TERM
Topical term or geographic name entry element DISABILITY DISCRIMINATION
650 ## - SUBJECT ADDED ENTRY--TOPICAL TERM
Topical term or geographic name entry element DISABILITY DISCRIMINATION ACT 1995
650 ## - SUBJECT ADDED ENTRY--TOPICAL TERM
Topical term or geographic name entry element DISABILITY DISCRIMINATION ACT 1995 PART III
650 ## - SUBJECT ADDED ENTRY--TOPICAL TERM
Topical term or geographic name entry element REASONABLE ADJUSTMENTS
650 ## - SUBJECT ADDED ENTRY--TOPICAL TERM
Topical term or geographic name entry element COMPLIANCE
650 ## - SUBJECT ADDED ENTRY--TOPICAL TERM
Topical term or geographic name entry element RETAILERS
690 ## - LOCAL SUBJECT ADDED ENTRY--TOPICAL TERM (OCLC, RLIN)
Topical term or geographic name as entry element PROPERTY-COMMERCIAL PROPERTY-RETAIL PROPERTY
942 ## - ADDED ENTRY ELEMENTS (KOHA)
Suppress in OPAC 0
Holdings
Withdrawn status Lost status Source of classification or shelving scheme Damaged status Not for loan Home library Current library Shelving location Date acquired Total Checkouts Full call number Barcode Date last seen Copy number Price effective from Koha item type
    Dewey Decimal Classification     London London Journal article 28/10/2003   ABS67150 124065-1001 06/08/2019 1 06/08/2019 Journal article